Juventus Squad 2019 - Statistics

General Stats
  • This quiz has been taken 57 times
  • The average score is 22 of 27
Answer Stats
Ruolo Giocatore Nazionalità % Correct
ST Paulo Dybala Argentina
98%
GK Gianluigi Buffon Italia
96%
CB Leonardo Bonucci Italia
96%
LB Alex Sandro Brasile
94%
LW Cristiano Ronaldo Portogallo
94%
CB Giorgio Chiellini Italia
93%
ST Gonzalo Higuain Argentina
93%
RW Juan Cuadrado Colombia
93%
CM Miralem Pjanic Bosnia
91%
ST Mario Mandzukic Croazia
89%
CM Sami Khedira Germania
89%
CM Blaise Matuidi Francia
85%
CB Matthijs de Ligt Olanda
85%
GK Wojciech Szczesny Polonia
85%
RB Danilo Brasile
83%
RW Douglas Costa Brasile
83%
GK Mattia Perin Italia
76%
CM Rodrigo Bentancur Uruguay
74%
CM Aaron Ramsey Galles
70%
RB Mattia De Sciglio Italia
70%
CM Adrien Rabiot Francia
69%
CM Emre Can Germania
69%
CB Daniele Rugani Italia
65%
CB Merih Demiral Turchia
65%
RW Federico Bernardeschi Italia
63%
LW Marko Pjaca Croazia
63%
GK Carlo Pinsoglio Italia
57%
No matching quizzes found
Score Distribution
Percent of People with Each Score
Percentile by Number Answered
Your Score History
You have not taken this quiz